000 00270nam a2200109Ia 4500
008 220120s9999||||xx |||||||||||||| ||und||
100 _aHubbard,Ron,L
245 4 _aThe Problems of Work
260 _aHubbard
_bNew Delhi
300 _aIX,758p.
_b0
650 _aGENERAL BOOKS
999 _c137358
_d137358